Stranger Things Trivia - Medium - Statistics

General Stats
  • This quiz has been taken 973 times
  • The average score is 8 of 15
Answer Stats
Question Answer % Correct
Who opened the original gate to the Upside Down in 1979? Eleven
95%
Which character is revealed to be 001? Henry Creel
91%
Who does Joyce engage to in the Season 5 finale? Jim Hopper
82%
Who delivers the final physical blow that kills Vecna/Henry Creel? Joyce Byers
82%
What name does the party give to the giant shadow monster in the sky? The Mind Flayer
80%
What is the specific date that Will Byers went missing? (MM/DD/YYYY) November 6, 1983
71%
What song does Eddie Munson play on his guitar in the Upside Down to distract the Demobats? Master of Puppets
61%
How long is the time jump in the epilogue of the Season 5 finale? 18 Months
57%
What is the name of the pizza place where Argyle works? Surfer Boy Pizza
44%
What is the name of the newspaper where Nancy and Jonathan intern? The Hawkins Post
43%
What electronics store does Bob Newby manage? RadioShack
33%
What is the name of the play that serves as a prequel to the series, focusing on the origin of the above? Stranger Things: The First Shadow
33%
Where is the Russian prison holding Hopper located? Kamchatka
18%
What is the name of the mental institution where Victor Creel is imprisoned? Pennhurst Mental Hospital
16%
What is the name of the heavy metal song used in the Season 5 soundtrack by Iron Maiden? The Trooper
9%
No matching quizzes found
Score Distribution
Percent of People with Each Score
Percentile by Number Answered
Your Score History
You have not taken this quiz